000 00296 a2200145 4500
001 169614
020 _a
040 _cMagnum
100 _aFoster, Mark
240 1 0 _aInto the pyramid
_lING
245 1 0 _aInto the pyramid
362 0 _a1899
697 _aLITERATURA ESTRANGEIRA
942 _cBK
999 _c169614
_d169614